Понимание "субъективно-личностного" смысла как предпосылка обучения иноязычному общению; Известия Томского политехнического университета [Известия ТПУ]; Т. 318, № 6 : Экономика. Философия, социология и культурология

Bibliografiske detaljer
Parent link:Известия Томского политехнического университета [Известия ТПУ]/ Томский политехнический университет (ТПУ).— , 2000-
Т. 318, № 6 : Экономика. Философия, социология и культурология.— 2011.— [С. 146-150]
Hovedforfatter: Лелюшкина К. С. Кира Сергеевна
Andre forfattere: Чупахин Н. П.
Summary:Заглавие с титульного листа
Электронная версия печатной публикации
С позиций междисциплинарного подхода, а именно философских и педагогических изысканий, сделана попытка разрешения проблемы обучения иноязычному общению в связи с "субъективно-личностным" смыслом речевого сообщения.
Sprog:russisk
Udgivet: 2011
Serier:Философия, социология и культурология
Fag:
Online adgang:http://www.lib.tpu.ru/fulltext/v/Bulletin_TPU/2011/v318/i6/29.pdf
Format: MixedMaterials Electronisk Book Chapter
KOHA link:https://koha.lib.tpu.ru/cgi-bin/koha/opac-detail.pl?biblionumber=199275

MARC

LEADER 00000nla2a2200000 4500
001 199275
005 20231031184158.0
035 |a (RuTPU)RU\TPU\book\217302 
035 |a RU\TPU\book\217300 
090 |a 199275 
100 |a 20110728d2011 k y0rusy50 ca 
101 0 |a rus 
102 |a RU 
135 |a drnn ---uucaa 
181 0 |a i  
182 0 |a b 
200 1 |a Понимание "субъективно-личностного" смысла как предпосылка обучения иноязычному общению  |b Электронный ресурс  |f К. С. Лелюшкина, Н. П. Чупахин 
203 |a Текст  |c электронный 
215 |a 1 файл (60 Кб) 
225 1 |a Философия, социология и культурология 
230 |a Электронные текстовые данные (1 файл : 60 Кб) 
300 |a Заглавие с титульного листа 
300 |a Электронная версия печатной публикации 
320 |a [Библиогр.: с. 150 (14 назв.)] 
330 |a С позиций междисциплинарного подхода, а именно философских и педагогических изысканий, сделана попытка разрешения проблемы обучения иноязычному общению в связи с "субъективно-личностным" смыслом речевого сообщения. 
337 |a Adobe Reader 
461 1 |0 (RuTPU)RU\TPU\book\176237  |t Известия Томского политехнического университета [Известия ТПУ]  |f Томский политехнический университет (ТПУ)  |d 2000- 
463 1 |0 (RuTPU)RU\TPU\book\217230  |x 1684-8519  |t Т. 318, № 6 : Экономика. Философия, социология и культурология  |v [С. 146-150]  |d 2011  |p 177 с. 
610 1 |a субъективно-личностный смысл 
610 1 |a интенция 
610 1 |a авторы 
610 1 |a иноязычное общение 
610 1 |a продуктивность 
610 1 |a труды учёных ТПУ 
610 1 |a электронный ресурс 
700 1 |a Лелюшкина  |b К. С.  |c лингвист  |c доцент Томского политехнического университета, кандидат педагогических наук  |f 1973-  |g Кира Сергеевна  |2 stltpush  |3 (RuTPU)RU\TPU\pers\24583 
701 1 |a Чупахин  |b Н. П. 
801 1 |a RU  |b 63413507  |c 20090623  |g PSBO 
801 2 |a RU  |b 63413507  |c 20211227  |g PSBO 
856 4 |u http://www.lib.tpu.ru/fulltext/v/Bulletin_TPU/2011/v318/i6/29.pdf 
942 |c CF